F1-Weltmeister Quiz - Statistiken

Allgemein
  • Dieses Quiz wurde 3.042 mal gespielt
    1.970 seit der letzten Aktualisierung
  • Das Durchschnittsergebnis liegt bei 54 aus 75
Antwortstatistiken
Jahr Nationalität Weltmeister % Korrekt
2024 Niederlande Max Verstappen
100%
2023 Niederlande Max Verstappen
100%
2022 Niederlande Max Verstappen
100%
2021 Niederlande Max Verstappen
100%
2020 Großbritannien Lewis Hamilton
99%
2019 Großbritannien Lewis Hamilton
99%
2018 Großbritannien Lewis Hamilton
99%
2017 Großbritannien Lewis Hamilton
99%
2015 Großbritannien Lewis Hamilton
99%
2014 Großbritannien Lewis Hamilton
99%
2008 Großbritannien Lewis Hamilton
99%
2004 Deutschland Michael Schumacher
98%
2003 Deutschland Michael Schumacher
98%
2002 Deutschland Michael Schumacher
98%
2001 Deutschland Michael Schumacher
98%
2000 Deutschland Michael Schumacher
98%
1995 Deutschland Michael Schumacher
98%
1994 Deutschland Michael Schumacher
98%
2013 Deutschland Sebastian Vettel
98%
2012 Deutschland Sebastian Vettel
98%
2011 Deutschland Sebastian Vettel
98%
2010 Deutschland Sebastian Vettel
98%
2006 Spanien Fernando Alonso
93%
2005 Spanien Fernando Alonso
93%
2016 Deutschland Nico Rosberg
93%
1991 Brasilien Ayrton Senna
92%
1990 Brasilien Ayrton Senna
92%
1988 Brasilien Ayrton Senna
92%
1982 Finnland Keke Rosberg
91%
1984 Österreich Niki Lauda
87%
1977 Österreich Niki Lauda
87%
1975 Österreich Niki Lauda
87%
2007 Finnland Kimi Räikkönen
86%
2009 Großbritannien Jenson Button
82%
1993 Frankreich Alain Prost
79%
1989 Frankreich Alain Prost
79%
1986 Frankreich Alain Prost
79%
1985 Frankreich Alain Prost
79%
1999 Finnland Mika Häkkinen
78%
1998 Finnland Mika Häkkinen
78%
1957 Argentinien Juan Manuel Fangio
64%
1956 Argentinien Juan Manuel Fangio
64%
1955 Argentinien Juan Manuel Fangio
64%
1954 Argentinien Juan Manuel Fangio
64%
1951 Argentinien Juan Manuel Fangio
64%
1997 Kanada Jaques Villeneuve
61%
1996 Großbritannien Damon Hill
60%
1968 Großbritannien Graham Hill
60%
1962 Großbritannien Graham Hill
60%
1961 USA Phil Hill
60%
1976 Großbritannien James Hunt
56%
1987 Brasilien Nelson Piquet
56%
1983 Brasilien Nelson Piquet
56%
1981 Brasilien Nelson Piquet
56%
1992 Großbritannien Nigel Mansell
52%
1953 Italien Alberto Ascari
51%
1952 Italien Alberto Ascari
51%
1950 Italien Giuseppe Farina
47%
1974 Brasilien Emerson Fittipaldi
44%
1972 Brasilien Emerson Fittipaldi
44%
1970 Österreich Jochen Rindt
44%
1973 Großbritannien Jackie Stewart
41%
1971 Großbritannien Jackie Stewart
41%
1969 Großbritannien Jackie Stewart
41%
1966 Australien Jack Brabham
39%
1960 Australien Jack Brabham
39%
1959 Australien Jack Brabham
39%
1979 Südafrika Jody Scheckter
39%
1965 Großbritannien Jim Clark
36%
1963 Großbritannien Jim Clark
36%
1978 USA Mario Andretti
35%
1980 Australien Alan Jones
29%
1958 Großbritannien Mike Hawthorn
28%
1967 Nesueeland Denny Hulme
26%
1964 Großbritannien John Surtees
25%
Keine übereinstimmenden Quizze gefunden
Verteilung der Resultate
Anzahl Personen mit jedem Resultat
Perzentil nach korrekt beantworteten Fragen
Ihre Resultats-Entwicklung
Sie haben dieses Quiz seit der letzten Aktualisierung nicht gespielt